01000nam a2200253 i 450000100060000000300090000600500170001500700030003200800410003510000380007624501040011426000870021830000210030549000240032650000970035070000270044770000260047474000150050083000320051585200530054794200080060099900170060895201210062581692ES-MaACL20241025125010.0t|041105s1949 ag ||||1| spa d1 aHuxley, Aldous,d1894-196396485813aLa doble crisis / cpor Aldous Huxley. La salida / por John Russell ; traducción de C.A. Jordans. aBuenos Aires : bEdit. Sudamericana, c[1949] (fCompañía Impresora Argentina) a79 p. ; c17 cm.1 aSeries de la Unesco a[Edición en español debidamente autorizada por la Organización de las Naciones Unidas]1 aRussell, John.91010441 aJordans, C. A.9669443 aLa salida.0 aSeries de la Unesco9231544 aES-MaACLjD-7488 bR.30327bR.M.7064cSVI984709 2udc c81692d81692 00104070aATENEOMbATENEOMcSVId2008-01-17eSCl0oD-7488p901085388r2023-02-23 00:00:00w2023-02-23yMONOGRAFIA